000 00442nam a2200157Ia 4500
008 210210b1994 xxu||||| |||| 00| 0 eng d
020 _a81 85274 93 2
082 _a820.9 REAM
100 _aREADINGS IN LITERARY CRITICISM
245 _aCritics on Matthew Arnold.
260 _aN D
_bUniversal Book Stall
_c1994
300 _a119
650 _aMatthew Arnold Readings Literature Criticism
690 _aEnglish Literature
906 _a048495
999 _c97650
_d97650